Statistics for Main Disney Characters

Click here to take the quiz!

General Stats

  • This quiz has been taken 516 times
  • The average score is 12 of 13

Answer Stats

HintAnswer% Correct
A mermaid that's only wish is to become humanAriel
97%
A maid who later on is visited by her fairy godmotherCinderella
97%
An elephant that can fly!Dumbo
97%
A cute little deer whose mother was shotBambi
96%
A lion who "just can't wait to be king"Simba
96%
A girl who is trapped in a tower her whole lifeRapunzel
93%
A boy who refuses to grow upPeter Pan
92%
An ice queenElsa
91%
A little girl who falls down a strange holeAlice
90%
A boy puppet whose nose grows when he liesPinocchio
86%
A 16 year old beauty who pricked her fingerAurora
85%
A young girl who is being hunted because of her beautySnow White
73%
A street rat who falls in love with royaltyAladdin
69%

Score Distribution

Percentile by Number Answered

Percent of People with Each Score

Your Score History

You have not taken this quiz